[Event "Senta op 18th"]
[Site "Senta"]
[Date "2014.07.22"]
[Round "5"]
[White "Sente, Damir"]
[Black "Marjanovic, Annamaria"]
[Result "0-1"]
[WhiteElo "2093"]
[BlackElo "2051"]
[PlyCount "96"]
[EventDate "2014.07.19"]
[EventType "swiss"]
[EventRounds "9"]
[EventCountry "SRB"]
[SourceTitle "CBM 161 Extra"]
[Source "ChessBase"]
[SourceDate "2014.08.29"]
[SourceVersion "1"]
[SourceVersionDate "2014.08.29"]
[SourceQuality "1"]

1. Nf3 f5 2. Nc3 Nf6 3. d4 g6 4. Bg5 Bg7 5. Bxf6 Bxf6 6. e4 fxe4 7. Nxe4 Bg7 8. Bd3 d5 9. Neg5 0-0 10. Ne5 Qd6 11. Nxh7 Kxh7 12. Nxg6 Kg8 13. Nxf8 Kxf8 14. c3 Nd7 15. Qf3+ Nf6 16. Bf5 Bxf5 17. Qxf5 Qd7 18. Qxd7 Nxd7 19. Rd1 Kf7 20. Ke2 Rh8 21. f4 Nf6 22. Kf3 Ne4 23. h4 Bf6 24. h5 Kg7 25. g4 Rf8 26. Kg2 e6 27. Rhf1 Be7 28. Kf3 Ng5+ 29. Kg2 Ne4 30. Kf3 Ng5+ 31. Ke3 Nh3 32. Rf3 Nxf4 33. Rdf1 Bg5 34. Rxf4 Rf6 35. c4 c6 36. c5 Kf7 37. R1f2 Ke7 38. Rf1 Rf8 39. h6 Bxh6 40. Rh1 Bxf4+ 41. Ke2 Rf7 42. Rh8 Rg7 43. Kf3 Bc1 44. Rb8 Kf6 45. b3 e5 46. Rf8+ Rf7 47. dxe5+ Ke6+ 48. Rxf7 Kxf7 0-1

[Event "Senta-ch"]
[Site "Senta"]
[Date "2014.02.08"]
[Round "5"]
[White "Sente, Damir"]
[Black "Toth, Kazmer"]
[Result "1-0"]
[WhiteElo "2103"]
[BlackElo "1978"]
[PlyCount "102"]
[EventDate "2014.01.24"]
[EventType "swiss"]
[EventRounds "9"]
[EventCountry "SRB"]
[SourceTitle "EXT 2016"]
[Source "ChessBase"]
[SourceDate "2015.10.08"]
[SourceVersion "1"]
[SourceVersionDate "2015.10.08"]
[SourceQuality "1"]

1. e4 d6 2. d4 Nf6 3. Nc3 c6 4. Nf3 g6 5. h3 Bg7 6. Be3 b5 7. Bd3 Qc7 8. 0-0 0-0 9. Ne2 Bb7 10. Ng3 e5 11. c3 Nbd7 12. Qd2 Rfe8 13. Ng5 h6 14. Nf3 Kh7 15. Nh2 Re7 16. f4 a6 17. Rae1 Rae8 18. Qc2 c5 19. fxe5 dxe5 20. d5 c4 21. Be2 Qd6 22. a4 Nc5 23. axb5 axb5 24. Nf3 Ra8 25. Nd2 Bc8 26. Ra1 Rb8 27. b3 cxb3 28. Nxb3 Nxb3 29. Qxb3 Reb7 30. Qb4 Ne8 31. Bc5 Qd8 32. Kh2 Kg8 33. Ba7 Ra8 34. Bb6 Rxb6 35. Rxa8 Bf8 36. Qa5 Bc5 37. Bg4 Nd6 38. Rxc8 Nxc8 39. Qa8 f5 40. exf5 Qc7 41. fxg6 Rb8 42. Qa2 Nd6 43. Nf5 e4 44. Kh1 Kh8 45. Nxh6 Qg7 46. Nf7+ Nxf7 47. gxf7 Qxc3 48. d6 Bxd6 49. Qe6 Bf8 50. Qg6 Qg7 51. Qh5+ Qh7 1-0

[Event "Senta-ch"]
[Site "Senta"]
[Date "2014.01.26"]
[Round "3"]
[White "Sente, Damir"]
[Black "Olajos, Gyozo"]
[Result "1/2-1/2"]
[WhiteElo "2103"]
[BlackElo "1676"]
[PlyCount "136"]
[EventDate "2014.01.24"]
[EventType "swiss"]
[EventRounds "9"]
[EventCountry "SRB"]
[SourceTitle "EXT 2016"]
[Source "ChessBase"]
[SourceDate "2015.10.08"]
[SourceVersion "1"]
[SourceVersionDate "2015.10.08"]
[SourceQuality "1"]

1. d4 Nf6 2. c4 e6 3. Nf3 d5 4. Nc3 Nbd7 5. cxd5 exd5 6. Bg5 c6 7. e3 Be7 8. Bd3 h6 9. Bh4 Qc7 10. 0-0 Bd6 11. Bg3 Ng4 12. Bxd6 Qxd6 13. Rb1 Nf8 14. e4 h5 15. exd5 cxd5 16. Bb5+ Bd7 17. Qa4 Ne6 18. Bxd7+ Qxd7 19. Qxd7+ Kxd7 20. Nxd5 Rhd8 21. h3 Ke8 22. Ne3 Nf6 23. Rfe1 Kf8 24. Rbd1 Nf4 25. h4 Rac8 26. g3 N4d5 27. Re2 Rc6 28. Nxd5 Rxd5 29. Ne1 a5 30. Rc2 Rcd6 31. Nf3 g6 32. Rc7 b6 33. Re1 Ng8 34. Ne5 Nh6 35. Nc4 Rf6 36. Ne5 Kg7 37. Rc4 Nf5 38. Nc6 Rdd6 39. Rec1 Rd5 40. a4 Rxc6 41. Rxc6 Nxd4 42. Kf1 Nxc6 43. Rxc6 b5 44. axb5 Rxb5 45. Rc2 a4 46. Ke2 Rb3 47. Rd2 Kh6 48. Kd1 f5 49. Kc2 Rf3 50. Kd1 f4 51. Ke2 Rb3 52. gxf4 Rh3 53. Rd4 Rxh4 54. Rxa4 Rg4 55. Kf3 Rg1 56. Ra6 Kg7 57. Ra7+ Kf6 58. b4 h4 59. Rh7 Rb1 60. Rb7 Rb3+ 61. Kg4 h3 62. Rh7 Rxb4 63. Rxh3 Rb5 64. Rh8 Kg7 65. Re8 Kf7 66. Re5 Rb6 67. f5 gxf5+ 68. Kxf5 Rf6+ 1/2-1/2

[Event "Senta op-A 17th"]
[Site "Senta"]
[Date "2013.07.20"]
[Round "9"]
[White "Vucinic, Gojko"]
[Black "Sente, Damir"]
[Result "1-0"]
[WhiteElo "2252"]
[BlackElo "2082"]
[PlyCount "103"]
[EventDate "2013.07.13"]
[EventType "swiss"]
[EventRounds "9"]
[EventCountry "SRB"]
[SourceTitle "EXT 2014"]
[Source "ChessBase"]
[SourceDate "2013.11.20"]
[SourceVersion "1"]
[SourceVersionDate "2013.11.20"]
[SourceQuality "1"]

1. e4 e5 2. Nf3 Nc6 3. Bc4 Be7 4. 0-0 Nf6 5. d3 h6 6. c3 0-0 7. Re1 d6 8. Bb3 Be6 9. Bc2 Nd7 10. d4 exd4 11. Nxd4 Nxd4 12. cxd4 d5 13. Nc3 c6 14. e5 f5 15. Qd3 c5 16. Ne2 c4 17. Qf3 Bb4 18. Rd1 Nb6 19. Qg3 Kh7 20. a3 Ba5 21. Nf4 Qe8 22. h4 Qf7 23. h5 Rae8 24. Qh3 Nc8 25. b3 cxb3 26. Qxb3 Bd8 27. Nxe6 Qxe6 28. Qxb7 Bg5 29. Bb3 Rd8 30. Bxg5 hxg5 31. Rac1 Rd7 32. Qc6 Qxc6 33. Rxc6 Ne7 34. Rc5 Kh6 35. Ba4 Rb7 36. Bc6 Nxc6 37. Rxc6+ Kxh5 38. Rd6 Rb5 39. Rc1 Rf7 40. Rcc6 Re7 41. Rc8 g4 42. Rcd8 Ra5 43. Rxd5 Rxa3 44. R5d7 Rxd7 45. Rxd7 Ra1+ 46. Kh2 Kg6 47. e6 Kf6 48. d5 Rd1 49. e7 Kf7 50. d6 a5 51. Rd8 Re1 52. Rf8+ 1-0

[Event "Senta op-A 17th"]
[Site "Senta"]
[Date "2013.07.17"]
[Round "6"]
[White "Sente, Damir"]
[Black "Andrijevic, Milan"]
[Result "1/2-1/2"]
[WhiteElo "2082"]
[BlackElo "2322"]
[PlyCount "107"]
[EventDate "2013.07.13"]
[EventType "swiss"]
[EventRounds "9"]
[EventCountry "SRB"]
[SourceTitle "EXT 2014"]
[Source "ChessBase"]
[SourceDate "2013.11.20"]
[SourceVersion "1"]
[SourceVersionDate "2013.11.20"]
[SourceQuality "1"]

1. d4 d5 2. c4 e6 3. Nc3 Nf6 4. Nf3 c5 5. cxd5 Nxd5 6. e4 Nxc3 7. bxc3 cxd4 8. cxd4 Bb4+ 9. Bd2 Bxd2+ 10. Qxd2 0-0 11. Bc4 Nc6 12. 0-0 b6 13. Rad1 Na5 14. Bd3 Bb7 15. Rfe1 Qe7 16. Qf4 f6 17. d5 e5 18. Qd2 Rac8 19. Rc1 Qd6 20. Rxc8 Rxc8 21. Rc1 Rc5 22. Qb2 Qc7 23. Rxc5 Qxc5 24. Nd2 Bc8 25. Kf1 Bd7 26. a3 Nb7 27. Ba6 Nd6 28. Qb4 Qxb4 29. axb4 Kf7 30. Ke2 Ke7 31. Kd3 Kd8 32. Nc4 Kc7 33. Nxd6 Kxd6 34. Kc4 f5 35. f3 g5 36. g3 g4 37. fxg4 fxe4 38. h3 h6 39. b5 Be8 40. h4 Bg6 41. Bb7 e3 42. Kc3 e4 43. h5 Bh7 44. Kc2 Bg8 45. Kd1 Kc5 46. Bc6 Bf7 47. Ke2 Kd6 48. Kxe3 Ke5 49. Bb7 Be8 50. Bc6 Bf7 51. Ba8 Be8 52. Bc6 Bf7 53. Bb7 Be8 54. Bc6 1/2-1/2

[Event "Senta op-A 17th"]
[Site "Senta"]
[Date "2013.07.14"]
[Round "3"]
[White "Desnica, Vladan"]
[Black "Sente, Damir"]
[Result "1-0"]
[WhiteElo "2257"]
[BlackElo "2082"]
[PlyCount "51"]
[EventDate "2013.07.13"]
[EventType "swiss"]
[EventRounds "9"]
[EventCountry "SRB"]
[SourceTitle "EXT 2014"]
[Source "ChessBase"]
[SourceDate "2013.11.20"]
[SourceVersion "1"]
[SourceVersionDate "2013.11.20"]
[SourceQuality "1"]

1. d4 Nf6 2. Bg5 Ne4 3. Bf4 c5 4. f3 Nf6 5. dxc5 Qa5+ 6. Qd2 Qxc5 7. e4 d6 8. Nc3 a6 9. 0-0-0 Nbd7 10. Nge2 e5 11. Be3 Qc7 12. g4 Nb6 13. Ng3 Be6 14. Kb1 h6 15. Qf2 Nc4 16. Bxc4 Qxc4 17. Bb6 d5 18. exd5 Nxd5 19. Nxd5 Bxd5 20. b3 Qc6 21. Rhe1 Be6 22. Rxe5 Bd6 23. Rxe6+ fxe6 24. Qd4 Bxg3 25. Qxg7 Rf8 26. Bc5 1-0

[Event "Subotica-ch"]
[Site "Subotica"]
[Date "2013.05.31"]
[Round "9"]
[White "Tomik, Lajos"]
[Black "Sente, Damir"]
[Result "1-0"]
[WhiteElo "2079"]
[BlackElo "2077"]
[PlyCount "95"]
[EventDate "2013.05.13"]
[EventType "swiss"]
[EventRounds "9"]
[EventCountry "SRB"]
[SourceTitle "CBM 154 Extra"]
[Source "ChessBase"]
[SourceDate "2013.06.25"]
[SourceVersion "2"]
[SourceVersionDate "2013.06.25"]
[SourceQuality "1"]

1. d4 Nf6 2. Nf3 e6 3. e3 d5 4. c4 b6 5. cxd5 exd5 6. Nc3 c6 7. Bd3 Bd6 8. Qc2 Qe7 9. 0-0 0-0 10. e4 dxe4 11. Nxe4 h6 12. Nxd6 Qxd6 13. Be3 Nd5 14. a3 Bb7 15. Rac1 Nd7 16. Bh7+ Kh8 17. Bd3 Nf4 18. Bf5 Nd5 19. Qd2 Nxe3 20. fxe3 c5 21. Bxd7 Bxf3 22. Rxf3 Qxd7 23. d5 Rae8 24. Rf4 Re5 25. e4 f6 26. Qc3 Rfe8 27. Qd3 Qd6 28. Rcf1 b5 29. Qxb5 Rxe4 30. Rxe4 Rxe4 31. Qc6 Qxc6 32. dxc6 Re6 33. Rc1 Rxc6 34. b4 c4 35. Rc3 Kg8 36. Kf2 Kf7 37. Ke3 Ke6 38. Kd4 f5 39. b5 Rb6 40. a4 Kd6 41. Kxc4 a6 42. bxa6 Kc6 43. Re3 Rb2 44. Re6+ Kc7 45. Rg6 h5 46. Rxg7+ Kc8 47. Rg8+ Kc7 48. a7 1-0

[Event "Subotica-ch"]
[Site "Subotica"]
[Date "2013.05.29"]
[Round "8"]
[White "Sente, Damir"]
[Black "Vranic, Ljubomir"]
[Result "0-1"]
[WhiteElo "2077"]
[BlackElo "2192"]
[PlyCount "116"]
[EventDate "2013.05.13"]
[EventType "swiss"]
[EventRounds "9"]
[EventCountry "SRB"]
[SourceTitle "CBM 154 Extra"]
[Source "ChessBase"]
[SourceDate "2013.06.25"]
[SourceVersion "2"]
[SourceVersionDate "2013.06.25"]
[SourceQuality "1"]

1. d4 Nf6 2. Nf3 d6 3. c4 Nbd7 4. Nc3 e5 5. e4 Be7 6. Be2 0-0 7. 0-0 c6 8. h3 Qc7 9. Re1 Re8 10. d5 Nc5 11. Bf1 cxd5 12. cxd5 Qb6 13. Nd2 Bd7 14. Nc4 Qc7 15. a4 a5 16. f4 Bd8 17. fxe5 dxe5 18. Be3 h6 19. Bf2 Nh7 20. Bg3 f6 21. Bf2 Ng5 22. Rc1 Rc8 23. Kh1 Nf7 24. b3 Rf8 25. Na3 b6 26. Nab5 Qb8 27. Na2 Be7 28. Bc4 Nd6 29. Nxd6 Bxd6 30. Nc3 Kh8 31. Bb5 Qb7 32. Bxc5 Rxc5 33. Bxd7 Qxd7 34. Nb5 Rxc1 35. Qxc1 Bc5 36. Rf1 f5 37. Rxf5 Rxf5 38. exf5 Qxd5 39. f6 Qxb3 40. fxg7+ Kxg7 41. Qc3 Qxc3 42. Nxc3 Kf6 43. g3 Kf5 44. Kg2 e4 45. g4+ Ke5 46. h4 Be7 47. Kg3 Kd4 48. Ne2+ Ke3 49. Nc3 Bd6+ 50. Kg2 Kd3 51. Nb5 Be7 52. Nc7 Bxh4 53. Ne6 e3 54. Nf4+ Kd2 55. Kf3 Bg5 56. Ne2 Kd3 57. Ng3 Kc4 58. Ne4 Kb4 0-1

[Event "Subotica-ch"]
[Site "Subotica"]
[Date "2013.05.13"]
[Round "1"]
[White "Belic, Aleksandar"]
[Black "Sente, Damir"]
[Result "0-1"]
[WhiteElo "1760"]
[BlackElo "2077"]
[PlyCount "44"]
[EventDate "2013.05.13"]
[EventType "swiss"]
[EventRounds "9"]
[EventCountry "SRB"]
[SourceTitle "CBM 154 Extra"]
[Source "ChessBase"]
[SourceDate "2013.06.25"]
[SourceVersion "2"]
[SourceVersionDate "2013.06.25"]
[SourceQuality "1"]

1. e4 e5 2. Nf3 Nc6 3. Bb5 Nf6 4. d3 Bc5 5. c3 d6 6. 0-0 0-0 7. Nbd2 Bb6 8. h3 Ne7 9. Re1 Ng6 10. Nf1 h6 11. Be3 Be6 12. Bxb6 axb6 13. Ne3 c6 14. Bc4 b5 15. Bb3 Qd7 16. Kh2 Nf4 17. Bxe6 fxe6 18. Qb3 Nxd3 19. Red1 Nc5 20. Nxe5 dxe5 21. Qb4 Qe7 22. f3 Ra4 0-1

[Event "Subotica-ch"]
[Site "Subotica"]
[Date "2012.05.25"]
[Round "9"]
[White "Farkas, Sandor I"]
[Black "Sente, Damir"]
[Result "1/2-1/2"]
[WhiteElo "1796"]
[BlackElo "2073"]
[PlyCount "96"]
[EventDate "2012.05.07"]
[EventType "swiss"]
[EventRounds "9"]
[EventCountry "SRB"]
[SourceTitle "CBM 148 Extra"]
[Source "ChessBase"]
[SourceDate "2012.06.22"]
[SourceVersion "1"]
[SourceVersionDate "2012.06.22"]
[SourceQuality "1"]

1. e4 e5 2. Bc4 Nc6 3. d3 Nf6 4. f4 d5 5. exd5 Nxd5 6. Qe2 Nd4 7. Qxe5+ Qe7 8. Kd2 Qxe5 9. fxe5 Nb6 10. Kc3 Nc6 11. Bb5 Nd5+ 12. Kb3 Be6 13. c4 0-0-0 14. Bxc6 bxc6 15. Nf3 Ne3 16. Kc3 Bf5 17. Ne1 Nxg2 18. d4 Nxe1 19. Rxe1 Be7 20. Rg1 g5 21. Bxg5 Rhg8 22. Be3 Rxg1 23. Bxg1 Rg8 24. Nd2 Rg2 25. Rf1 Bg6 26. Nf3 Rc2+ 27. Kb3 Bd3 28. Rd1 Bg6 29. Rd2 Rxd2 30. Nxd2 Bg5 31. Nf1 Bd3 32. Ng3 a6 33. Kc3 Bg6 34. d5 cxd5 35. cxd5 Kd7 36. Bc5 h5 37. Kd4 Bc1 38. Ba3 Bf4 39. Bb4 h4 40. Nf1 Bc1 41. Bc3 Bf5 42. Nd2 Bxd2 43. Bxd2 c6 44. d6 h3 45. Kc5 Bd3 46. Bf4 Be2 47. Kd4 Ke6 48. Kc5 Kd7 1/2-1/2

[Event "Tivat Vukmanovic Memorial op"]
[Site "Tivat"]
[Date "2011.04.24"]
[Round "9"]
[White "Sente, Damir"]
[Black "Popadic, Dragan"]
[Result "0-1"]
[WhiteElo "2049"]
[BlackElo "2245"]
[PlyCount "114"]
[EventDate "2011.04.16"]
[EventType "swiss"]
[EventRounds "9"]
[EventCountry "MNE"]
[SourceTitle "CBM 141 Extra"]
[Source "ChessBase"]
[SourceDate "2011.05.03"]
[SourceVersion "1"]
[SourceVersionDate "2011.05.03"]
[SourceQuality "1"]

1. d4 Nf6 2. c4 g6 3. Nc3 Bg7 4. e4 d6 5. Nf3 0-0 6. Be2 e5 7. 0-0 Na6 8. d5 Nc5 9. Qc2 a5 10. g3 Ne8 11. Nh4 Bh3 12. Rd1 Qd7 13. Ng2 f5 14. exf5 gxf5 15. f4 Nf6 16. Be3 Nce4 17. Nxe4 Nxe4 18. Bf3 Nf6 19. fxe5 dxe5 20. Bc5 Rf7 21. d6 c6 22. Bf2 Ng4 23. c5 f4 24. gxf4 Raf8 25. Qb3 a4 26. Qc4 Kh8 27. Qe2 Nxf2 28. Kxf2 e4 29. Bh5 Rf5 30. Kg1 Rxc5 31. Rac1 Rxc1 32. Rxc1 Bd4+ 33. Kh1 Rg8 34. Nh4 Bf6 35. Qxe4 Bxh4 36. Qe5+ Qg7 37. Rg1 Qxe5 38. fxe5 Bf2 39. Rxg8+ Kxg8 40. Bd1 Bd4 41. Bxa4 Bxe5 42. b4 Bxd6 43. b5 c5 44. Bb3+ Kf8 45. b6 Ke7 46. Bd5 Be6 47. Bxb7 Bxa2 48. Be4 h6 49. Kg2 Ke6 50. Bh7 Bd5+ 51. Kh3 Kf6 52. Bc2 c4 53. Bb1 c3 54. Kh4 Bxh2 55. Kh5 Bf4 56. Bc2 Bf3+ 57. Kh4 Ke7 0-1

[Event "Tivat Vukmanovic Memorial op"]
[Site "Tivat"]
[Date "2011.04.18"]
[Round "3"]
[White "Sente, Damir"]
[Black "Gochev, Mladen"]
[Result "0-1"]
[WhiteElo "2049"]
[BlackElo "2277"]
[PlyCount "220"]
[EventDate "2011.04.16"]
[EventType "swiss"]
[EventRounds "9"]
[EventCountry "MNE"]
[SourceTitle "CBM 141 Extra"]
[Source "ChessBase"]
[SourceDate "2011.05.03"]
[SourceVersion "1"]
[SourceVersionDate "2011.05.03"]
[SourceQuality "1"]

1. Nf3 g6 2. d4 Nf6 3. c4 Bg7 4. b4 0-0 5. g3 d6 6. Bb2 Nbd7 7. Bg2 e5 8. dxe5 Ng4 9. Nbd2 Ngxe5 10. Nxe5 Nxe5 11. Qc2 a5 12. b5 Bf5 13. e4 Be6 14. Rb1 Nd7 15. Bxg7 Kxg7 16. 0-0 a4 17. Qc3+ f6 18. e5 Nc5 19. Ne4 Nxe4 20. Bxe4 dxe5 21. Bxb7 Rb8 22. Rfd1 Qe7 23. Bf3 Qc5 24. Qb4 Qxc4 25. Rdc1 Qxb4 26. Rxc7+ Rf7 27. Rxf7+ Bxf7 28. Rxb4 a3 29. b6 Bxa2 30. b7 Be6 31. Ra4 a2 32. Kg2 f5 33. Bc6 e4 34. Ra8 Bc4 35. Ra4 Kf6 36. g4 Ke5 37. gxf5 gxf5 38. f3 Kd6 39. fxe4 Bb3 40. Ra6 a1Q 41. Rxa1 Kxc6 42. exf5 Kd6 43. Kf3 Ke5 44. Ra5+ Bd5+ 45. Kg4 Rxb7 46. Kg5 Rg7+ 47. Kh6 Rf7 48. f6 Kd4 49. Ra4+ Ke3 50. Kg5 Be4 51. h4 Rc7 52. h5 Rb7 53. Ra1 Kd4 54. Kf4 Bd5 55. Re1 Kc5 56. Re7 Rb1 57. Rxh7 Kd6 58. Re7 Rh1 59. Kg5 Rg1+ 60. Kf5 Bc4 61. Re3 Bf7 62. Rd3+ Kc6 63. Rh3 Kd7 64. Rh4 Ke8 65. h6 Bg6+ 66. Ke6 Re1+ 67. Kd6 Bh7 68. Ra4 Rf1 69. Ke5 Kf7 70. Ra7+ Kg6 71. f7 Kxh6 72. Ke6 Bc2 73. Rb7 Kg7 74. f8Q+ Kxf8 75. Rc7 Bb3+ 76. Kd6 Bf7 77. Ke5 Kg7 78. Ra7 Rb1 79. Kd4 Kf6 80. Ra6+ Be6 81. Ra5 Rb4+ 82. Kc3 Rh4 83. Rc5 Ke7 84. Re5 Kd6 85. Re1 Bd5 86. Ra1 Ke5 87. Re1+ Be4 88. Rg1 Rh3+ 89. Kb4 Kd4 90. Rd1+ Bd3 91. Rg1 Rh8 92. Rg4+ Be4 93. Rg5 Rb8+ 94. Rb5 Rc8 95. Rb6 Rc1 96. Rd6+ Bd5 97. Rg6 Rb1+ 98. Ka4 Kc5 99. Rg3 Ra1+ 100. Ra3 Rh1 101. Rc3+ Bc4 102. Ka3 Rh2 103. Ka4 Rh7 104. Ka3 Ra7+ 105. Kb2 Ra2+ 106. Kb1 Rf2 107. Rc1 Kb4 108. Ka1 Ka3 109. Rc3+ Bb3 110. Rxb3+ Kxb3 0-1

[Event "Subotica-ch"]
[Site "Subotica"]
[Date "2011.03.04"]
[Round "6"]
[White "Sente, Damir"]
[Black "Kumic, Filip"]
[Result "1/2-1/2"]
[WhiteElo "2049"]
[BlackElo "2043"]
[PlyCount "59"]
[EventDate "2011.02.21"]
[EventType "swiss"]
[EventRounds "9"]
[EventCountry "SRB"]
[SourceTitle "CBM 141 Extra"]
[Source "ChessBase"]
[SourceDate "2011.05.03"]
[SourceVersion "1"]
[SourceVersionDate "2011.05.03"]
[SourceQuality "1"]

1. Nf3 Nf6 2. c4 g6 3. b4 Bg7 4. Bb2 0-0 5. g3 d6 6. Bg2 c5 7. bxc5 dxc5 8. d3 Nfd7 9. Bxg7 Kxg7 10. 0-0 Nc6 11. Nbd2 Qc7 12. Nb3 b6 13. d4 cxd4 14. Nfxd4 Bb7 15. Nb5 Qc8 16. Rc1 Nce5 17. Qd4 Bxg2 18. Kxg2 a6 19. Na3 f6 20. c5 bxc5 21. Nxc5 Nxc5 22. Rxc5 Qb7+ 23. f3 Rfd8 24. Qc3 Rac8 25. Rb1 Qa8 26. Rc1 Rxc5 27. Qxc5 Rd6 28. Nc4 Nxc4 29. Qxc4 Qd8 30. Qc7 1/2-1/2

[Event "Subotica-ch"]
[Site "Subotica"]
[Date "2009.03.04"]
[Round "8"]
[White "Sente, Damir"]
[Black "Kosa, Jeno"]
[Result "0-1"]
[WhiteElo "2032"]
[BlackElo "2114"]
[PlyCount "152"]
[EventDate "2009.02.16"]
[EventType "swiss"]
[EventRounds "9"]
[EventCountry "SRB"]
[SourceTitle "EXT 2019"]
[Source "ChessBase"]
[SourceDate "2018.10.10"]
[SourceVersion "1"]
[SourceVersionDate "2018.10.10"]
[SourceQuality "1"]

1. d4 Nf6 2. c4 e6 3. g3 Bb4+ 4. Nc3 c5 5. Nf3 Ne4 6. Qc2 Qa5 7. Qxe4 Bxc3+ 8. Bd2 Bxd2+ 9. Nxd2 0-0 10. dxc5 Na6 11. Bg2 Nxc5 12. Qc2 Rb8 13. 0-0 b5 14. Nb3 Qb6 15. cxb5 Nxb3 16. axb3 Bb7 17. Qc4 Bxg2 18. Kxg2 d5 19. Qa4 Qxb5 20. Qxb5 Rxb5 21. Rxa7 Rxb3 22. Rb1 Rfb8 23. e3 g6 24. Ra2 Kg7 25. Kf1 h5 26. Ke2 Kf6 27. Kd2 Ke5 28. Ke2 R8b4 29. h4 Ke4 30. f3+ Ke5 31. Kf2 f6 32. Ke2 Kf5 33. Kd2 g5 34. hxg5 fxg5 35. Rh1 h4 36. gxh4 gxh4 37. Rb1 d4 38. Ra5+ e5 39. exd4 Rxd4+ 40. Ke2 Kf4 41. Rc5 Re3+ 42. Kf2 Rxf3+ 43. Kg1 Rb4 44. Re1 e4 45. Re2 Rb8 46. Kh2 Rbb3 47. Rc8 Rh3+ 48. Kg2 Rbg3+ 49. Kf2 Rh2+ 50. Ke1 Rxe2+ 51. Kxe2 Rg2+ 52. Kf1 Rxb2 53. Rh8 Rh2 54. Kg1 Rh3 55. Rf8+ Ke3 56. Ra8 Rf3 57. Ra3+ Kf4 58. Ra8 Rg3+ 59. Kf1 h3 60. Rf8+ Ke3 61. Rh8 Rf3+ 62. Ke1 Rg3 63. Kf1 Kd2 64. Rh7 Rf3+ 65. Kg1 Ke2 66. Ra7 e3 67. Ra2+ Kd3 68. Ra3+ Ke4 69. Ra4+ Kf5 70. Ra2 Kf4 71. Ra4+ Kg3 72. Ra2 Rf2 73. Ra1 Rd2 74. Rb1 Rg2+ 75. Kh1 h2 76. Rf1 Rg1+ 0-1

[Event "Belgrade Trophy 20th"]
[Site "Belgrade"]
[Date "2007.11.30"]
[Round "9"]
[White "Kolarevic, Darko"]
[Black "Sente, Damir"]
[Result "1/2-1/2"]
[WhiteElo "2155"]
[BlackElo "2035"]
[PlyCount "68"]
[EventDate "2007.11.22"]
[EventType "swiss"]
[EventRounds "9"]
[EventCountry "YUG"]
[SourceTitle "CBM 121 Extra"]
[Source "ChessBase"]
[SourceDate "2008.01.10"]
[SourceVersion "1"]
[SourceVersionDate "2008.01.10"]
[SourceQuality "1"]

1. d4 Nf6 2. c4 e6 3. Nc3 Bb4 4. e3 c5 5. Nge2 cxd4 6. exd4 d5 7. c5 Ne4 8. Bd2 Nxd2 9. Qxd2 0-0 10. a3 Bxc3 11. Qxc3 a5 12. Ng1 b6 13. c6 Qc7 14. Bb5 Ba6 15. a4 Bc8 16. Nf3 Na6 17. 0-0 Qd6 18. Ne5 Nc7 19. Rfc1 f6 20. Nd3 Ba6 21. Qb3 Rab8 22. f4 h6 23. Re1 Rfe8 24. Re3 Kh8 25. Rae1 Bxb5 26. axb5 a4 27. Qxa4 Ra8 28. Qb4 Qxb4 29. Nxb4 Ra4 30. Rb3 Nxb5 31. Nxd5 Nxd4 32. Rxb6 Rc8 33. Nb4 Rxb4 34. Rxb4 Nc2 1/2-1/2

[Event "Belgrade Trophy 20th"]
[Site "Belgrade"]
[Date "2007.11.25"]
[Round "4"]
[White "Sente, Damir"]
[Black "Momirovic, Milan"]
[Result "1-0"]
[WhiteElo "2035"]
[BlackElo "1840"]
[PlyCount "87"]
[EventDate "2007.11.22"]
[EventType "swiss"]
[EventRounds "9"]
[EventCountry "YUG"]
[SourceTitle "CBM 121 Extra"]
[Source "ChessBase"]
[SourceDate "2008.01.10"]
[SourceVersion "1"]
[SourceVersionDate "2008.01.10"]
[SourceQuality "1"]

1. d4 Nf6 2. c4 g6 3. Nc3 Bg7 4. e4 d6 5. Nf3 0-0 6. Be2 e5 7. d5 h6 8. b4 Kh7 9. 0-0 Ng8 10. Nd2 Ne7 11. Nb3 f5 12. exf5 gxf5 13. f4 e4 14. Qc2 Ng6 15. g3 Nd7 16. Be3 Nf6 17. Rad1 b6 18. c5 bxc5 19. bxc5 a5 20. cxd6 cxd6 21. a4 Bd7 22. Qa2 Rc8 23. Nb5 Bxb5 24. axb5 Ra8 25. Nd4 Qd7 26. b6 Ng4 27. Bxg4 Bxd4 28. Rxd4 fxg4 29. Rxe4 Qf5 30. Rc4 Rfe8 31. Rc7+ Kg8 32. b7 Rab8 33. Ba7 Rbd8 34. Qb1 Qf6 35. Qa1 Qf8 36. Rb1 Ne7 37. b8Q Rxb8 38. Rxb8 Nf5 39. Rxe8 Qxe8 40. Qb1 Ne7 41. Qe4 Kf8 42. Bd4 a4 43. Bg7+ Kf7 44. Qe6+ 1-0

[Event "Subotica-ch op "]
[Site "Subotica"]
[Date "2007.02.23"]
[Round "3"]
[White "Sente, Damir"]
[Black "Pajzer, Istvan"]
[Result "0-1"]
[WhiteElo "2024"]
[BlackElo "2181"]
[PlyCount "117"]
[EventDate "2007.02.19"]
[EventType "swiss"]
[EventRounds "9"]
[EventCountry "YUG"]
[SourceTitle "EXT 2008"]
[Source "ChessBase"]
[SourceDate "2007.11.25"]
[SourceVersion "1"]
[SourceVersionDate "2007.11.25"]
[SourceQuality "1"]

1. d4 Nf6 2. c4 g6 3. Nc3 d5 4. cxd5 Nxd5 5. e4 Nxc3 6. bxc3 Bg7 7. Bc4 0-0 8. Ne2 c5 9. Be3 Nc6 10. 0-0 cxd4 11. cxd4 Bg4 12. f3 Na5 13. Bd3 Be6 14. Qa4 Rc8 15. Rac1 Bd7 16. Bb5 Bxb5 17. Qxb5 Rxc1 18. Rxc1 a6 19. Qc5 b5 20. Qc7 Nc4 21. Qxd8 Rxd8 22. Kf2 e5 23. d5 f5 24. Bg5 Rc8 25. Rxc4 Rxc4 26. d6 Bf8 27. d7 Bc5+ 28. Ke1 Bb6 29. exf5 gxf5 30. d8Q+ Bxd8 31. Bxd8 Rc2 32. a3 Kf7 33. Ba5 Ke6 34. f4 Ra2 35. Bb4 e4 36. Nd4+ Kf6 37. Kf1 e3 38. h3 Rf2+ 39. Kg1 Rxf4 40. Nc2 Re4 41. g3 h5 42. Kg2 h4 43. gxh4 f4 44. Kf3 Rc4 45. Ne1 Kf5 46. Nd3 Rd4 47. Ke2 Rd5 48. h5 a5 49. Bf8 Ke4 50. Nc5+ Kd4 51. Ne6+ Ke5 52. Ng5 Rd2+ 53. Ke1 Rg2 54. h4 Kd4 55. h6 Kd3 56. Nf3 Rb2 57. Kf1 Rf2+ 58. Ke1 Rxf3 59. Bc5 0-1

[Event "Bajmok op 9th"]
[Site "Bajmok"]
[Date "2006.12.16"]
[Round "4"]
[White "Sente, Damir"]
[Black "Szabados, Karoly"]
[Result "1-0"]
[WhiteElo "2031"]
[BlackElo "2072"]
[PlyCount "55"]
[EventDate "2006.12.09"]
[EventType "swiss"]
[EventRounds "9"]
[EventCountry "SRB"]
[SourceTitle "EXT 2022"]
[Source "ChessBase"]
[SourceDate "2021.10.06"]
[SourceVersion "1"]
[SourceVersionDate "2021.10.06"]
[SourceQuality "1"]

1. d4 e6 2. c4 d5 3. Nc3 c6 4. e3 f5 5. Bd3 Nf6 6. Nge2 Bd6 7. Qc2 0-0 8. Bd2 Na6 9. a3 b6 10. cxd5 exd5 11. Bxf5 Nc7 12. Bxc8 Rxc8 13. f3 c5 14. 0-0-0 Qe7 15. Kb1 b5 16. dxc5 Bxc5 17. Nd4 a5 18. Qb3 a4 19. Qc2 b4 20. axb4 Bxb4 21. Nc6 Qc5 22. Nxb4 Qxb4 23. Nxd5 Ncxd5 24. Bxb4 Rxc2 25. Bxf8 Nxe3 26. Rd8 Kf7 27. Re1 Nxg2 28. Re7+ 1-0

[Event "Vojvodina-chT"]
[Site "Sremska Mitrovica"]
[Date "2006.09.25"]
[Round "6"]
[White "Cengija, Vanja"]
[Black "Sente, Damir"]
[Result "1-0"]
[WhiteElo "2304"]
[BlackElo "2032"]
[PlyCount "41"]
[EventDate "2006.09.22"]
[EventType "team"]
[EventRounds "9"]
[EventCountry "YUG"]
[SourceTitle "CBM 114 Extra"]
[Source "ChessBase"]
[SourceDate "2006.11.03"]
[SourceVersion "1"]
[SourceVersionDate "2006.11.03"]
[SourceQuality "1"]

1. d4 Nf6 2. c4 e6 3. Nf3 Bb4+ 4. Bd2 Qe7 5. Nc3 0-0 6. g3 Bxc3 7. Bxc3 Ne4 8. Rc1 Nxc3 9. Rxc3 b6 10. Bg2 Bb7 11. 0-0 d6 12. d5 e5 13. Re3 a5 14. Nd4 f5 15. f4 e4 16. g4 fxg4 17. Bxe4 Qf6 18. Ne6 Rc8 19. Qd3 h6 20. Bh7+ Kf7 21. Ng5+ 1-0